| Tag |
First Indicator |
Second Indicator |
Subfields |
| LEADER |
00000pam a2200000 a 4500 |
| 001 |
in00000092721 |
| 005 |
20150923132205.0 |
| 008 |
810903s1982 maua j 00011 eng |
| 010 |
|
|
|a 81007094
|
| 020 |
|
|
|a 0395318637
|
| 035 |
|
|
|a (OCoLC)07795970
|
| 035 |
|
|
|9 AAK7543AM
|
| 039 |
0 |
|
|a 2
|b 3
|c 3
|d 3
|e 3
|
| 040 |
|
|
|a DLC
|c DLC
|d TXA
|d UtOrBLW
|
| 049 |
|
|
|a [Curr Col] TXAM
|c [1482151]
|
| 050 |
0 |
0 |
|a PZ8.3 P2764
|b Lu 1982
|
| 082 |
0 |
|
|a [E]
|2 19
|
| 100 |
1 |
|
|a Peet, Bill.
|
| 245 |
1 |
4 |
|a The luckiest one of all /
|c Bill Peet.
|
| 264 |
|
1 |
|a Boston :
|b Houghton Mifflin,
|c 1982.
|
| 300 |
|
|
|a 30 pages :
|b color illustrations ;
|c 25 cm.
|
| 336 |
|
|
|a text
|b txt
|2 rdacontent
|
| 337 |
|
|
|a unmediated
|b n
|2 rdamedia
|
| 338 |
|
|
|a volume
|b nc
|2 rdacarrier
|
| 520 |
|
|
|a Wishing to be a bird, a little boy learns that there are benefits and drawbacks to every condition and that being a little boy may be the best of all.
|
| 650 |
|
1 |
|a Self-acceptance
|x Fiction.
|
| 650 |
|
1 |
|a Stories in rhyme.
|
| 999 |
|
|
|a MARS
|
| 999 |
f |
f |
|s 4f1b84d4-739f-3ad0-87dc-adf13175ef4f
|i 67d374a6-cedb-3d1b-92fe-79d92f39d2ba
|t 0
|
| 952 |
f |
f |
|p normal
|a Texas A&M University
|b College Station
|c Sterling C. Evans Library
|d Evans: Curriculum Collection (4th floor)
|t 0
|e PZ8.3 P2764 Lu 1982
|h Library of Congress classification
|i unmediated -- volume
|m A14806006433
|
| 998 |
f |
f |
|a PZ8.3 P2764 Lu 1982
|t 0
|l Evans: Curriculum Collection (4th floor)
|